[Event "John Bishop Minor 2017"]
[Site "Cardiff"]
[Date "2017.04.14"]
[Round "3.1"]
[White "Cannon, Dale"]
[Black "Peters, Chris"]
[Result "0-1"]
[WhiteElo "1000"]
[BlackElo "1539"]
[PlyCount "102"]
[EventDate "2017.04.14"]
[EventType "swiss"]
[EventRounds "7"]
[EventCountry "WLS"]
[SourceDate "2017.05.27"]

1. e4 e5 2. Nf3 Nc6 3. Bb5 a6 4. Ba4 Nf6 5. O-O Be7 6. Re1 d6 7. c3 Bg4 8. d3
Qd7 9. Nbd2 b5 10. Bb3 Nd8 11. d4 Ne6 12. dxe5 dxe5 13. Nxe5 Bxd1 14. Nxd7 Bxb3
15. Nxf6+ Bxf6 16. Nxb3 O-O 17. e5 Be7 18. Nd4 Nxd4 19. cxd4 Bb4 20. Rd1 Rad8
21. d5 Rfe8 22. Bf4 Rd7 23. a3 Ba5 24. d6 cxd6 25. Rxd6 Rxd6 26. exd6 Re1+ 27.
Rxe1 Bxe1 28. d7 Ba5 29. Bd6 Bd8 30. f4 f5 31. b4 Kf7 32. Kf1 Ke6 33. Be5 g5
34. g3 g4 35. Ke2 Kxd7 36. Bd4 Kd6 37. Kd2 Kd5 38. Kd3 h5 39. Be3 Bf6 40. Bc1
Bd4 41. Be3 Bxe3 42. Kxe3 Kc4 43. Kd2 Kb3 44. Kd3 Kxa3 45. Kc3 Ka4 46. Kd4 Kxb4
47. Ke5 a5 48. Kxf5 a4 49. Kg6 a3 50. f5 a2 51. f6 a1=Q 0-1

[Event "John Bishop Minor 2017"]
[Site "Cardiff"]
[Date "2017.04.15"]
[Round "3.2"]
[White "Mason, Ed"]
[Black "Eddershaw, John"]
[Result "1-0"]
[WhiteElo "1422"]
[BlackElo "1346"]
[PlyCount "137"]
[EventDate "2017.04.14"]
[EventType "swiss"]
[EventRounds "7"]
[EventCountry "WLS"]
[SourceDate "2017.05.27"]

1. e4 c5 2. Nf3 d6 3. d4 cxd4 4. Nxd4 Nd7 5. c4 Ngf6 6. Nc3 a6 7. Be3 Nc5 8. f3
Bd7 9. b4 Ne6 10. Nxe6 Bxe6 11. Qa4+ Bd7 12. Qa5 Qxa5 13. bxa5 Bc6 14. Rb1 e6
15. Be2 Be7 16. O-O O-O 17. Rfd1 Nd7 18. Bf4 e5 19. Be3 Rac8 20. Rdc1 Bd8 21.
Bb6 Be7 22. Nd5 Bg5 23. Be3 Bxe3+ 24. Nxe3 Nf6 25. Nd5 Rfe8 26. Bd1 Nd7 27. Rc2
Nc5 28. Rd2 Bxd5 29. Rxd5 Re6 30. Rb2 Kf8 31. Rbd2 Ke7 32. g4 g5 33. h3 h6 34.
Rh2 Nd7 35. Be2 Nc5 36. Bd1 Nd7 37. Be2 Rc5 38. Bd3 Rxd5 39. cxd5 Rf6 40. Kf2
Nc5 41. Bc2 Rg6 42. Rh1 Rg8 43. Rb1 Rb8 44. Kg3 Rc8 45. Bd1 Rc7 46. Rc1 Kd8 47.
Rc2 Nd3 48. Rxc7 Kxc7 49. Bb3 b5 50. axb6+ Kxb6 51. Kg2 Nc5 52. Kf1 Nxb3 53.
axb3 Kb5 54. Ke1 Kb4 55. Kd1 Kxb3 56. Kc1 a5 57. Kb1 a4 58. Ka1 Kc3 59. Ka2 Kd3
60. Ka3 Ke3 61. Kxa4 Kxf3 62. Kb5 Kxe4 63. Kc6 Kd4 64. Kxd6 e4 65. Kc6 e3 66.
d6 e2 67. d7 e1=Q 68. d8=Q+ Kc3 69. Qa5+ 1-0

[Event "John Bishop Minor 2017"]
[Site "Cardiff"]
[Date "2017.04.15"]
[Round "3.3"]
[White "Smith, Ellison"]
[Black "Jones, Jeremy"]
[Result "0-1"]
[WhiteElo "1179"]
[BlackElo "1576"]
[PlyCount "60"]
[EventDate "2017.04.14"]
[EventType "swiss"]
[EventRounds "7"]
[EventCountry "WLS"]
[SourceDate "2017.05.27"]

1. e4 e5 2. Nf3 Nc6 3. Bc4 Nf6 4. Ng5 d5 5. exd5 Na5 6. Bb5+ Bd7 7. Be2 Nxd5 8.
d4 Be7 9. Nf3 e4 10. Nfd2 e3 11. Ne4 exf2+ 12. Nxf2 O-O 13. Nd2 Ne3 14. Nc4
Nxd1 15. Nxd1 Nxc4 16. Bxc4 Bh4+ 17. g3 Re8+ 18. Ne3 Bg5 19. Rf1 Re7 20. Ke2
Bg4+ 21. Kd3 Be6 22. Bxe6 fxe6 23. Bd2 c5 24. c3 cxd4 25. cxd4 Rd7 26. Bc3 Bf6
27. Rf4 Bxd4 28. Bxd4 e5 29. Rg4 Rxd4+ 30. Rxd4 Qxd4+ 0-1

[Event "John Bishop Minor 2017"]
[Site "Cardiff"]
[Date "2017.04.15"]
[Round "3.4"]
[White "Langmaid, Kevin"]
[Black "Jones, Martin K"]
[Result "1/2-1/2"]
[WhiteElo "1562"]
[BlackElo "1503"]
[PlyCount "82"]
[EventDate "2017.04.14"]
[EventType "swiss"]
[EventRounds "7"]
[EventCountry "WLS"]
[SourceDate "2017.05.27"]

1. e4 e6 2. d4 d5 3. Nd2 Be7 4. Bd3 b6 5. exd5 exd5 6. Ngf3 Bd6 7. O-O Ne7 8.
h3 O-O 9. c3 Bf5 10. Qc2 Bxd3 11. Qxd3 Ng6 12. Nb3 f6 13. Re1 Re8 14. Bd2 Nc6
15. Rxe8+ Qxe8 16. Re1 Qf7 17. Qe2 Kf8 18. g3 Re8 19. Qxe8+ Qxe8 20. Rxe8+ Kxe8
21. Ne1 Nce7 22. Nc1 c6 23. h4 Nc8 24. h5 Nh8 25. Ng2 g5 26. hxg6 hxg6 27. Bf4
g5 28. Bd2 Ng6 29. Nd3 Nce7 30. f4 gxf4 31. Ngxf4 Nxf4 32. Bxf4 Nf5 33. Kf2
Bxf4 34. Nxf4 Ke7 35. Kf3 b5 36. Nd3 Nd6 37. Nb4 Kd7 38. Kf4 a5 39. Nd3 Ne4 40.
g4 Ke7 41. Kf5 Kf7 1/2-1/2

[Event "John Bishop Minor 2017"]
[Site "Cardiff"]
[Date "2017.04.15"]
[Round "3.5"]
[White "Smith, Alun"]
[Black "Hamadah, Muhieddin"]
[Result "1-0"]
[WhiteElo "1593"]
[BlackElo "1302"]
[PlyCount "59"]
[EventDate "2017.04.14"]
[EventType "swiss"]
[EventRounds "7"]
[EventCountry "WLS"]
[SourceDate "2017.05.27"]

1. e4 e5 2. Nf3 Nc6 3. Bc4 Bc5 4. c3 Nf6 5. d4 exd4 6. cxd4 Bb4+ 7. Nc3 O-O 8.
O-O Bxc3 9. bxc3 Na5 10. Bd3 h6 11. Re1 d6 12. h3 Re8 13. Bc2 b6 14. Qd3 Nc6
15. Bf4 Bb7 16. e5 dxe5 17. Nxe5 Ne7 18. Ng4 Ned5 19. Nxf6+ Nxf6 20. Be5 g6 21.
Qd2 h5 22. Qh6 c5 23. Bxg6 Rxe5 24. dxe5 Qd5 25. f3 fxg6 26. Qxg6+ Kf8 27. exf6
Qf7 28. Qxf7+ Kxf7 29. Re7+ Kxf6 30. Rxb7 1-0

[Event "John Bishop Minor 2017"]
[Site "Cardiff"]
[Date "2017.04.15"]
[Round "3.6"]
[White "Phillips, Roger"]
[Black "Shahameeran, Ashika"]
[Result "1-0"]
[WhiteElo "1510"]
[BlackElo "850"]
[PlyCount "97"]
[EventDate "2017.04.14"]
[EventType "swiss"]
[EventRounds "7"]
[EventCountry "WLS"]
[SourceDate "2017.05.27"]

1. d4 d5 2. c4 c6 3. cxd5 cxd5 4. Nc3 Nf6 5. Nf3 e6 6. Bg5 Be7 7. e3 O-O 8. Bd3
Bb4 9. Rc1 Bxc3+ 10. Rxc3 Nbd7 11. O-O Qe7 12. Qc2 g6 13. Rc1 Qd6 14. Bf4 Qe7
15. Rc7 a6 16. Ne5 Re8 17. Bg5 Qd6 18. Bxf6 Nxf6 19. Nxf7 Qf8 20. Ne5 Qh6 21.
Qc5 Ne4 22. Bxe4 dxe4 23. Qb6 Rf8 24. Rxc8 g5 25. Rxa8 Rxa8 26. Qxb7 Rf8 27.
Rc8 Rxc8 28. Qxc8+ Kg7 29. Qd7+ Kg8 30. Qf7+ Kh8 31. h3 g4 32. Nxg4 Qg7 33.
Qxe6 Qc7 34. Qe5+ Qxe5 35. Nxe5 Kg7 36. d5 Kf6 37. d6 Ke6 38. d7 Ke7 39. b4 h5
40. a4 h4 41. b5 axb5 42. axb5 Kd8 43. b6 Ke7 44. b7 Kd8 45. b8=Q+ Ke7 46. Qe8+
Kf6 47. Ng4+ Kf5 48. Qf7+ Kg5 49. d8=Q# 1-0

[Event "John Bishop Minor 2017"]
[Site "Cardiff"]
[Date "2017.04.15"]
[Round "3.7"]
[White "Hughes, Beryl"]
[Black "Davies, Gareth"]
[Result "1/2-1/2"]
[WhiteElo "1444"]
[BlackElo "1340"]
[PlyCount "79"]
[EventDate "2017.04.14"]
[EventType "swiss"]
[EventRounds "7"]
[EventCountry "WLS"]
[SourceDate "2017.05.27"]

1. d4 d5 2. Nf3 Nf6 3. e3 Bg4 4. c4 e6 5. Qb3 Bxf3 6. gxf3 b6 7. Nc3 c6 8. Bd2
Qc7 9. O-O-O Nbd7 10. Kb1 Qb7 11. e4 O-O-O 12. Rg1 Nh5 13. exd5 exd5 14. cxd5
cxd5 15. Nxd5 Ndf6 16. Rc1+ Kb8 17. Rc7 Qxd5 18. Qc3 Bd6 19. Bc4 Qf5+ 20. Bd3
Qxf3 21. Rxf7 Rc8 22. Qb3 Qd5 23. Qxd5 Nxd5 24. Be4 Nhf6 25. f3 Bxh2 26. Rgxg7
Rc7 27. Bxd5 Nxd5 28. Rxc7 Bxc7 29. Rd7 Bf4 30. Bxf4+ Nxf4 31. d5 h5 32. d6 h4
33. Re7 Rd8 34. d7 Kc7 35. Rh7 h3 36. Rh4 h2 37. Rxh2 Rxd7 38. Kc2 Kc6 39. Rd2
Rd5 40. Rxd5 1/2-1/2

[Event "John Bishop Minor 2017"]
[Site "Cardiff"]
[Date "2017.04.15"]
[Round "3.8"]
[White "Farhadi, Mohammad"]
[Black "Chong, Kimberly"]
[Result "1/2-1/2"]
[WhiteElo "1261"]
[BlackElo "1441"]
[PlyCount "59"]
[EventDate "2017.04.14"]
[EventType "swiss"]
[EventRounds "7"]
[EventCountry "WLS"]
[SourceDate "2017.05.27"]

1. d4 d5 2. c4 e6 3. Nc3 Nf6 4. Bg5 Be7 5. Nf3 Nbd7 6. e3 O-O 7. Bd3 c5 8. O-O
Ne4 9. Bxe7 Qxe7 10. cxd5 Nxc3 11. bxc3 exd5 12. c4 dxc4 13. Bxc4 Nb6 14. Bd3
Bg4 15. Be2 Rad8 16. Re1 Qf6 17. Ne5 Bxe2 18. Rxe2 Rfe8 19. f4 Nd5 20. Qd2 cxd4
21. exd4 Qb6 22. Rd1 f6 23. Nd7 Rxe2 24. Qxe2 Qd6 25. Nc5 Qc6 26. Qe6+ Qxe6 27.
Nxe6 Rc8 28. g3 b6 29. Rd2 Re8 30. f5 1/2-1/2

[Event "John Bishop Minor 2017"]
[Site "Cardiff"]
[Date "2017.04.15"]
[Round "3.9"]
[White "McLoughlin, Mike"]
[Black "Jones, Dwain"]
[Result "1-0"]
[WhiteElo "1388"]
[BlackElo "1245"]
[PlyCount "77"]
[EventDate "2017.04.14"]
[EventType "swiss"]
[EventRounds "7"]
[EventCountry "WLS"]
[SourceDate "2017.05.27"]

1. e4 c5 2. Nf3 Nc6 3. d4 cxd4 4. Nxd4 g6 5. Nc3 Bg7 6. f3 d6 7. Nb3 Nf6 8. Be3
O-O 9. Qd2 Re8 10. O-O-O Bd7 11. Be2 a5 12. a4 Nb4 13. Bb5 Nc6 14. h4 Ne5 15.
Bd4 Bxb5 16. Bxe5 Bd7 17. Bd4 b6 18. Be3 Qc7 19. Nd4 Rec8 20. Ndb5 Qd8 21. Kb1
Ne8 22. Bd4 e5 23. Be3 Be6 24. Nxd6 Nxd6 25. Qxd6 Qe8 26. Qd3 Bc4 27. Qd7 Qxd7
28. Rxd7 Rc6 29. Nd5 Bxd5 30. Rxd5 Rac8 31. Rhd1 f6 32. Rd7 h5 33. c3 Rc4 34.
Bxb6 Rxa4 35. b3 Ra3 36. Kb2 Rxb3+ 37. Kxb3 Rb8 38. Rd8+ Kh7 39. Rxb8 1-0

[Event "John Bishop Minor 2017"]
[Site "Cardiff"]
[Date "2017.04.15"]
[Round "3.10"]
[White "Jaberansari, Benjamin"]
[Black "Smith, Callum"]
[Result "1/2-1/2"]
[WhiteElo "855"]
[BlackElo "1082"]
[PlyCount "48"]
[EventDate "2017.04.14"]
[EventType "swiss"]
[EventRounds "7"]
[EventCountry "WLS"]
[SourceDate "2017.05.27"]

1. e4 e5 2. Nf3 Nc6 3. Nc3 Bc5 4. Nxe5 Nxe5 5. d4 Bxd4 6. Qxd4 Nc6 7. Qxg7 Qf6
8. Qxf6 Nxf6 9. Bg5 Ng4 10. Bc4 Rg8 11. Bf4 Nge5 12. Bd5 d6 13. Bxc6+ bxc6 14.
O-O Rb8 15. Rab1 Bh3 16. Bg3 Be6 17. Rfd1 h5 18. Bxe5 dxe5 19. Rd3 Rg5 20. b3
Ke7 21. Rbd1 f5 22. Rg3 Rbg8 23. Rxg5 Rxg5 24. g3 f4 1/2-1/2

[Event "John Bishop Minor 2017"]
[Site "Cardiff"]
[Date "2017.04.15"]
[Round "3.11"]
[White "Guha, Anuraag"]
[Black "Lutchman Singh, Vedant"]
[Result "0-1"]
[WhiteElo "800"]
[BlackElo "850"]
[PlyCount "46"]
[EventDate "2017.04.14"]
[EventType "swiss"]
[EventRounds "7"]
[EventCountry "WLS"]
[SourceDate "2017.05.27"]

1. e4 e5 2. Nf3 Nc6 3. Nc3 Nf6 4. Bb5 a6 5. Be2 Bc5 6. O-O O-O 7. d3 d5 8. Bg5
h6 9. Be3 Bxe3 10. fxe3 d4 11. exd4 exd4 12. e5 Nd5 13. Nxd5 Qxd5 14. c4 dxc3
15. bxc3 Bf5 16. c4 Qc5+ 17. d4 Qb4 18. Qb3 Qa5 19. Bd3 Rad8 20. Bxf5 Nxd4 21.
Nxd4 Rxd4 22. Rac1 Qc5 23. Rfd1 Rxd1# 0-1

[Event "John Bishop Minor 2017"]
[Site "Cardiff"]
[Date "2017.04.15"]
[Round "3.12"]
[White "Rees, Morgan"]
[Black "Watkins, Peter"]
[Result "1-0"]
[WhiteElo "1234"]
[BlackElo "1390"]
[PlyCount "73"]
[EventDate "2017.04.14"]
[EventType "swiss"]
[EventRounds "7"]
[EventCountry "WLS"]
[SourceDate "2017.05.27"]

1. e4 e5 2. Nf3 Nc6 3. Bb5 a6 4. Ba4 Nf6 5. Nc3 d6 6. d4 Bd7 7. d5 Nb8 8. Bxd7+
Nbxd7 9. O-O Be7 10. Re1 O-O 11. a4 Re8 12. a5 Nf8 13. Nb1 Ng6 14. g3 b5 15.
axb6 cxb6 16. c4 Qc7 17. Na3 Nd7 18. b4 Rec8 19. Be3 Qd8 20. Qd3 a5 21. bxa5
bxa5 22. Reb1 Nc5 23. Bxc5 Rxc5 24. Rb7 a4 25. Rab1 h6 26. R1b6 Rc7 27. Qb1
Rxb7 28. Rxb7 Kf8 29. Qb5 Qe8 30. Qc6 Rb8 31. Ra7 Qxc6 32. dxc6 d5 33. Rxa4
dxe4 34. Nh4 Rc8 35. Nf5 Bxa3 36. Rxa3 Ne7 37. Nd6 1-0

[Event "John Bishop Minor 2017"]
[Site "Cardiff"]
[Date "2017.04.15"]
[Round "3.13"]
[White "Christmas, Rosie"]
[Black "Williams, Allan"]
[Result "1/2-1/2"]
[WhiteElo "1039"]
[BlackElo "1269"]
[PlyCount "58"]
[EventDate "2017.04.14"]
[EventType "swiss"]
[EventRounds "7"]
[EventCountry "WLS"]
[SourceDate "2017.05.27"]

1. d4 d5 2. Bf4 e6 3. e3 Nf6 4. Nd2 h6 5. h3 c5 6. c4 cxd4 7. exd4 dxc4 8. Ngf3
Bb4 9. Bxc4 Ne4 10. O-O Nxd2 11. Bxd2 Bxd2 12. Qxd2 O-O 13. Rfe1 Qf6 14. Qc3
Rd8 15. Rad1 a6 16. Bb3 Nc6 17. d5 exd5 18. Qxf6 gxf6 19. Bxd5 Bd7 20. a3 Rab8
21. b4 Re8 22. Kh2 Kf8 23. g4 Na7 24. Rxe8+ Kxe8 25. Re1+ Kf8 26. Kg3 Bc6 27.
Bxc6 Nxc6 28. h4 Kg7 29. Rd1 Rd8 1/2-1/2

[Event "John Bishop Minor 2017"]
[Site "Cardiff"]
[Date "2017.04.15"]
[Round "4.1"]
[White "Peters, Chris"]
[Black "Mason, Ed"]
[Result "1-0"]
[WhiteElo "1539"]
[BlackElo "1422"]
[PlyCount "47"]
[EventDate "2017.04.14"]
[EventType "swiss"]
[EventRounds "7"]
[EventCountry "WLS"]
[SourceDate "2017.05.27"]

1. e4 e5 2. Nf3 Nc6 3. Bb5 a6 4. Bxc6 dxc6 5. O-O Bd6 6. h3 Nf6 7. Nc3 h6 8.
Re1 c5 9. d3 Be6 10. Ne2 Qd7 11. b3 g5 12. Bb2 g4 13. Nxe5 Qe7 14. hxg4 Bxe5
15. Bxe5 Bxg4 16. Bxf6 Qxf6 17. Qd2 Rg8 18. Qf4 Qg6 19. Qe5+ Be6 20. Nf4 Qg4
21. Re3 O-O-O 22. Rg3 Qh4 23. Nxe6 Rde8 24. Qxc7# 1-0

[Event "John Bishop Minor 2017"]
[Site "Cardiff"]
[Date "2017.04.15"]
[Round "4.2"]
[White "Jones, Jeremy"]
[Black "Phillips, Roger"]
[Result "1/2-1/2"]
[WhiteElo "1576"]
[BlackElo "1510"]
[PlyCount "47"]
[EventDate "2017.04.14"]
[EventType "swiss"]
[EventRounds "7"]
[EventCountry "WLS"]
[SourceDate "2017.05.27"]

1. d4 d5 2. c4 e6 3. cxd5 exd5 4. Nc3 Nf6 5. Bg5 Be7 6. e3 O-O 7. Nf3 c6 8. Be2
Re8 9. O-O Nbd7 10. h3 Ne4 11. Bxe7 Qxe7 12. Nxe4 dxe4 13. Nd2 Nf6 14. Bc4 Be6
15. Bxe6 Qxe6 16. Qb3 Qxb3 17. Nxb3 Rac8 18. Rac1 Rc7 19. Rc2 Nd5 20. a3 f5 21.
Rfc1 Rf7 22. Nd2 g5 23. Nc4 Rd8 24. Ne5 1/2-1/2

[Event "John Bishop Minor 2017"]
[Site "Cardiff"]
[Date "2017.04.15"]
[Round "4.3"]
[White "Eddershaw, John"]
[Black "Smith, Alun"]
[Result "1/2-1/2"]
[WhiteElo "1346"]
[BlackElo "1593"]
[PlyCount "82"]
[EventDate "2017.04.14"]
[EventType "swiss"]
[EventRounds "7"]
[EventCountry "WLS"]
[SourceDate "2017.05.27"]

1. d4 d5 2. e3 Nf6 3. Bd3 e6 4. Nf3 Nc6 5. a3 Bd6 6. Nbd2 O-O 7. b4 a6 8. Bb2
b5 9. Ne5 Bb7 10. f4 Be7 11. O-O Nxe5 12. dxe5 Ne8 13. g4 f6 14. Bd4 fxe5 15.
Bxe5 Bf6 16. Nf3 Bxe5 17. Nxe5 Nd6 18. c3 Ne4 19. Bxe4 dxe4 20. Qd7 Bc8 21.
Qxd8 Rxd8 22. Rad1 Bb7 23. Rd4 Rd5 24. Rfd1 Rad8 25. Kf2 g6 26. g5 Kg7 27. h4
Rf8 28. Kg3 h5 29. Rxd5 Bxd5 30. Nd7 Bb7 31. Nc5 Bc8 32. Rd4 Re8 33. Nxe4 e5
34. fxe5 Rxe5 35. Kf4 Rf5+ 36. Kg3 Re5 37. Kf2 Bg4 38. Ng3 Re7 39. Re4 Rf7+ 40.
Rf4 Rd7 41. Rd4 Rf7+ 1/2-1/2

[Event "John Bishop Minor 2017"]
[Site "Cardiff"]
[Date "2017.04.15"]
[Round "4.4"]
[White "Cannon, Dale"]
[Black "McLoughlin, Mike"]
[Result "1-0"]
[WhiteElo "1000"]
[BlackElo "1388"]
[PlyCount "51"]
[EventDate "2017.04.14"]
[EventType "swiss"]
[EventRounds "7"]
[EventCountry "WLS"]
[SourceDate "2017.05.27"]

1. e4 e5 2. Nf3 Nc6 3. Bb5 Nf6 4. d3 d6 5. O-O Be7 6. Re1 O-O 7. c3 Bg4 8. Nbd2
a6 9. Ba4 b5 10. Bc2 Nb8 11. d4 Nbd7 12. d5 Re8 13. h3 Bh5 14. Nf1 h6 15. Ng3
Bg6 16. Nh2 Nf8 17. Ng4 Bh5 18. Nxf6+ Bxf6 19. Qxh5 Ng6 20. Nf5 Nf4 21. Qg4 Kh7
22. Bxf4 exf4 23. Qxf4 Bg5 24. Qf3 Qf6 25. h4 Bf4 26. Qxf4 1-0

[Event "John Bishop Minor 2017"]
[Site "Cardiff"]
[Date "2017.04.15"]
[Round "4.5"]
[White "Smith, Callum"]
[Black "Langmaid, Kevin"]
[Result "0-1"]
[WhiteElo "1082"]
[BlackElo "1562"]
[PlyCount "54"]
[EventDate "2017.04.14"]
[EventType "swiss"]
[EventRounds "7"]
[EventCountry "WLS"]
[SourceDate "2017.05.27"]

1. e4 e5 2. Nf3 Nc6 3. Bc4 Nf6 4. Nc3 Nxe4 5. Nxe4 d5 6. Bxd5 Qxd5 7. Nc3 Qd8
8. d3 Bg4 9. O-O Nd4 10. Re1 Bd6 11. Be3 Nxf3+ 12. gxf3 Bh3 13. f4 Qf6 14. Qf3
Qg6+ 15. Qg3 Qxg3+ 16. hxg3 O-O 17. Nb5 exf4 18. Nxd6 fxe3 19. Rxe3 cxd6 20.
Rae1 Be6 21. Re4 d5 22. Rb4 b6 23. b3 Rfc8 24. Rd4 Rxc2 25. Ra4 a5 26. Rd1 b5
27. Ra3 b4 0-1

[Event "John Bishop Minor 2017"]
[Site "Cardiff"]
[Date "2017.04.15"]
[Round "4.6"]
[White "Lutchman Singh, Vedant"]
[Black "Hughes, Beryl"]
[Result "0-1"]
[WhiteElo "850"]
[BlackElo "1444"]
[PlyCount "52"]
[EventDate "2017.04.14"]
[EventType "swiss"]
[EventRounds "7"]
[EventCountry "WLS"]
[SourceDate "2017.05.27"]

1. e4 e6 2. Nf3 d5 3. Nc3 Bb4 4. a3 Bxc3 5. bxc3 dxe4 6. Ne5 Nf6 7. d4 exd3 8.
cxd3 Nbd7 9. Bf4 Nxe5 10. Bxe5 Bd7 11. d4 O-O 12. Bc4 Bc6 13. O-O a6 14. Bd3
Qd5 15. f3 Ng4 16. Bc2 Ne3 17. Bxh7+ Kh8 18. Qd3 Nxf1 19. Bxg7+ Kxg7 20. Rxf1
f5 21. c4 Qd6 22. c5 Qd5 23. Re1 Kxh7 24. Re3 Rad8 25. Qe2 Qxd4 26. Kf1 Bb5 0-1

[Event "John Bishop Minor 2017"]
[Site "Cardiff"]
[Date "2017.04.15"]
[Round "4.7"]
[White "Chong, Kimberly"]
[Black "Rees, Morgan"]
[Result "1/2-1/2"]
[WhiteElo "1441"]
[BlackElo "1234"]
[PlyCount "66"]
[EventDate "2017.04.14"]
[EventType "swiss"]
[EventRounds "7"]
[EventCountry "WLS"]
[SourceDate "2017.05.27"]

1. e4 e5 2. Nf3 Nc6 3. Bc4 h6 4. c3 Nf6 5. O-O Be7 6. Re1 O-O 7. d4 exd4 8.
cxd4 Bb4 9. Nc3 Bxc3 10. bxc3 Nxe4 11. d5 Nxc3 12. Qc2 Nxd5 13. Bxd5 Nb4 14.
Qb3 Nxd5 15. Qxd5 c6 16. Qd6 b6 17. Bb2 Re8 18. Rxe8+ Qxe8 19. Re1 Qf8 20. Be5
Qxd6 21. Bxd6 Bb7 22. Re7 c5 23. Ne5 f6 24. Ng6 Kh7 25. Nf4 c4 26. Bb4 a5 27.
Bc3 Kg8 28. Rxd7 Bc6 29. Rd6 Rc8 30. Nd5 Bxd5 31. Rxd5 Kf7 32. Rb5 Rd8 33. g3
Rd3 1/2-1/2

[Event "John Bishop Minor 2017"]
[Site "Cardiff"]
[Date "2017.04.15"]
[Round "4.9"]
[White "Hamadah, Muhieddin"]
[Black "Farhadi, Mohammad"]
[Result "0-1"]
[WhiteElo "1302"]
[BlackElo "1261"]
[PlyCount "88"]
[EventDate "2017.04.14"]
[EventType "swiss"]
[EventRounds "7"]
[EventCountry "WLS"]
[SourceDate "2017.05.27"]

1. e4 Nf6 2. Nc3 d5 3. exd5 Nxd5 4. Nxd5 Qxd5 5. Qf3 c6 6. b3 Qe5+ 7. Kd1 Qxa1
8. Bc4 Qf6 9. d3 Qxf3+ 10. Nxf3 Bg4 11. Ke2 Nd7 12. h3 Bxf3+ 13. gxf3 Ne5 14.
Be3 e6 15. d4 Nxc4 16. bxc4 b6 17. Rg1 g6 18. h4 Rd8 19. Rg4 f5 20. Rg1 Bg7 21.
Rd1 O-O 22. c5 bxc5 23. dxc5 Rxd1 24. Kxd1 Rd8+ 25. Ke2 Bd4 26. Bg5 Rd5 27. Be7
Bxc5 28. Bxc5 Rxc5 29. Kd3 Ra5 30. Kc4 Rxa2 31. Kc5 Rxc2+ 32. Kd6 Rxf2 33. Kxc6
Rxf3 34. Kd6 Rh3 35. Kxe6 Rxh4 36. Kd6 Rb4 37. Kc5 a5 38. Kc6 a4 39. Kc5 Rb1
40. Kc6 a3 41. Kd7 a2 42. Kd6 a1=Q 43. Ke6 Re1+ 44. Kd7 Qd4+ 0-1

[Event "John Bishop Minor 2017"]
[Site "Cardiff"]
[Date "2017.04.15"]
[Round "4.10"]
[White "Shahameeran, Ashika"]
[Black "Jaberansari, Benjamin"]
[Result "1-0"]
[WhiteElo "850"]
[BlackElo "855"]
[PlyCount "147"]
[EventDate "2017.04.14"]
[EventType "swiss"]
[EventRounds "7"]
[EventCountry "WLS"]
[SourceDate "2017.05.27"]

1. e4 d5 2. exd5 Nf6 3. c4 c6 4. c5 cxd5 5. Bb5+ Bd7 6. Bxd7+ Nbxd7 7. d4 e5 8.
dxe5 Nxe5 9. Bg5 Bxc5 10. Qa4+ Nc6 11. Ne2 O-O 12. O-O Re8 13. Nf4 Re4 14. Qd1
Re5 15. Bxf6 Qxf6 16. Nh5 Qd6 17. Qg4 Qg6 18. Qf3 Qxh5 19. Qg3 Rg5 20. Qf4 Qg4
21. Qxg4 Rxg4 22. h3 Re4 23. Nc3 Re5 24. Rae1 Rae8 25. Rxe5 Rxe5 26. Na4 Bd4
27. Rc1 Re2 28. Kh1 Be5 29. b4 b5 30. g3 bxa4 31. Rxc6 h6 32. Rc8+ Kh7 33. f4
Re1+ 34. Kg2 Bd4 35. Ra8 Re2+ 36. Kf3 Re3+ 37. Kg4 f6 38. f5 Re4+ 39. Kh5 Be3
40. g4 Rf4 41. b5 Rf3 42. h4 g5 43. fxg6+ Kg7 44. Rc8 Rh3 45. Rc7+ Kg8 46. g7
Bb6 47. Rb7 Rg3 48. Kxh6 Be3+ 49. g5 Bxg5+ 50. hxg5 Rxg5 51. Rb8+ Kf7 52. Rf8+
Ke6 53. g8=Q+ Rxg8 54. Rxg8 d4 55. Rd8 Ke5 56. Re8+ Kd5 57. Kg6 d3 58. Kxf6 Kc4
59. Rd8 Kc3 60. Ke7 d2 61. Rxd2 Kxd2 62. Kd7 Kc3 63. Kc6 Kb2 64. Kb7 Kxa2 65.
Kxa7 a3 66. b6 Kb2 67. b7 a2 68. b8=Q+ Ka3 69. Qd6+ Kb2 70. Qb4+ Ka1 71. Qd2
Kb1 72. Qd1+ Kb2 73. Qd2+ Ka1 74. Qc1# 1-0

[Event "John Bishop Minor 2017"]
[Site "Cardiff"]
[Date "2017.04.15"]
[Round "4.11"]
[White "Guha, Anuraag"]
[Black "Christmas, Rosie"]
[Result "0-1"]
[WhiteElo "800"]
[BlackElo "1039"]
[PlyCount "68"]
[EventDate "2017.04.14"]
[EventType "swiss"]
[EventRounds "7"]
[EventCountry "WLS"]
[SourceDate "2017.05.27"]

1. e4 e6 2. d4 d5 3. exd5 exd5 4. Nc3 Nf6 5. Nf3 h6 6. Bd3 Be7 7. O-O O-O 8.
Bf4 c6 9. Qe2 Bg4 10. h3 Bxf3 11. Qxf3 Nbd7 12. Rae1 Re8 13. Be5 a6 14. Bxf6
Nxf6 15. a3 Qb6 16. Rb1 Qxd4 17. Qe3 Qxe3 18. fxe3 Bc5 19. Kh2 Bxe3 20. Nd1 Bb6
21. Nc3 Re7 22. Na4 Bc7+ 23. Kg1 Rae8 24. c4 dxc4 25. Bxc4 b5 26. Nc5 bxc4 27.
Nxa6 Bb6+ 28. Kh1 Ne4 29. Rbd1 Ng3+ 30. Kh2 Nxf1+ 31. Rxf1 Re1 32. Rf3 R8e3 33.
Rxe3 Rxe3 34. Nb8 Bc7+ 0-1

[Event "John Bishop Minor 2017"]
[Site "Cardiff"]
[Date "2017.04.16"]
[Round "5.1"]
[White "Jones, Jeremy"]
[Black "Peters, Chris"]
[Result "1-0"]
[WhiteElo "1576"]
[BlackElo "1539"]
[PlyCount "97"]
[EventDate "2017.04.14"]
[EventType "swiss"]
[EventRounds "7"]
[EventCountry "WLS"]
[SourceDate "2017.05.27"]

1. d4 Nf6 2. c4 g6 3. Nc3 d5 4. cxd5 Nxd5 5. e4 Nxc3 6. bxc3 Bg7 7. Nf3 O-O 8.
Bc4 c5 9. O-O cxd4 10. cxd4 Nc6 11. Be3 e6 12. Rb1 Na5 13. Bd3 b6 14. e5 Bb7
15. Qe2 Rc8 16. Rfc1 Qe7 17. Nd2 Rxc1+ 18. Rxc1 Rc8 19. Rxc8+ Bxc8 20. Ne4 Bb7
21. Nd6 Bd5 22. Qc2 Qd8 23. Qc8 Qxc8 24. Nxc8 Bxa2 25. Nxa7 Bc4 26. Bf1 Bxf1
27. Kxf1 Bf8 28. Bd2 Be7 29. Bxa5 bxa5 30. Nc6 Bb4 31. Nxb4 axb4 32. Ke2 f6 33.
Kd3 Kf7 34. Kc4 fxe5 35. dxe5 g5 36. g4 h5 37. gxh5 b3 38. Kxb3 Kg7 39. Kc4 Kh6
40. Kc5 Kxh5 41. Kd6 Kg6 42. Kxe6 g4 43. Kd7 Kf5 44. e6 Kf4 45. e7 Kf3 46. e8=Q
Kxf2 47. Qe5 Kg2 48. Qg3+ Kh1 49. Qxg4 1-0

[Event "John Bishop Minor 2017"]
[Site "Cardiff"]
[Date "2017.04.16"]
[Round "5.2"]
[White "Mason, Ed"]
[Black "Hamadah, Muhieddin"]
[Result "1/2-1/2"]
[WhiteElo "1422"]
[BlackElo "1302"]
[PlyCount "92"]
[EventDate "2017.04.14"]
[EventType "swiss"]
[EventRounds "7"]
[EventCountry "WLS"]
[SourceDate "2017.05.27"]

1. e4 e5 2. f4 d6 3. Bc4 Nf6 4. Nc3 Nc6 5. d3 Bg4 6. Nge2 Nd4 7. O-O a6 8. h3
Bxe2 9. Nxe2 Nc6 10. Be3 Na5 11. fxe5 Nxc4 12. dxc4 dxe5 13. Nc3 h6 14. a3 Qd7
15. Qxd7+ Nxd7 16. Rad1 f6 17. Rd2 O-O-O 18. Rfd1 Bc5 19. Nd5 Bxe3+ 20. Nxe3
Nc5 21. Rxd8+ Rxd8 22. Rxd8+ Kxd8 23. Nf5 Nxe4 24. Nxg7 Nd2 25. b3 Nb1 26. a4
Na3 27. Nf5 Nxc2 28. Nxh6 Nd4 29. Ng4 Ke7 30. h4 Ne2+ 31. Kf2 Nf4 32. Kf3 Kf7
33. Ne3 Kg6 34. Ke4 c6 35. Ng4 Nxg2 36. Nxe5+ fxe5 37. Kxe5 Nxh4 38. Kd6 Nf5+
39. Kc7 Nd4 40. Kxb7 Nxb3 41. Kxc6 Kf7 42. Kb6 Ke7 43. c5 a5 44. c6 Kd8 45. Kb7
Nc5+ 46. Kb6 Nxa4+ 1/2-1/2